[Event "94th GER-ch"]
[Site "Ostfildern GER"]
[Date "2023.08.20"]
[Round "9.18"]
[White "Feidt, Jonas"]
[Black "Weishaeutel, Moritz"]
[Result "0-1"]
[WhiteElo "1974"]
[BlackElo "2427"]
[EventDate "2023.08.13"]
[PlyCount "92"]

1.c4 e6 2.g3 d5 3.Bg2 c5 4.cxd5 exd5 5.Nf3 Nf6 6.d4 Nc6 7.O-O Be7 8.dxc5 
Bxc5 9.a3 Ne4 10.Nfd2 f5 11.Nxe4 fxe4 12.b4 Bb6 13.Nc3 Be6 14.Bb2 O-O 15.
Na4 Qd7 16.Rc1 Rad8 17.Nc5 Qe7 18.Qd2 Bg4 19.f3 Bf5 20.Kh1 Bg6 21.fxe4 
Bxc5 22.bxc5 Bxe4 23.Bf3 d4 24.Rc4 Rf5 25.Kg2 Qf7 26.Rcc1 Rf8 27.Qd1 Qd5 
28.h3 h5 29.Ra1 R8f6 30.a4 Bxf3+ 31.exf3 Qxc5 32.Ra3 Qc4 33.Rd3 Rd6 34.Ba3
Rd8 35.f4 Nb4 36.Qb3 Qxb3 37.Rxb3 Nd5 38.Rd1 h4 39.Bb2 hxg3 40.Kxg3 Nxf4 
41.Kg4 Rdf8 42.Rf3 R5f6 43.Rxd4 Rg6+ 44.Kh4 Rg2 45.Rfxf4 Rxf4+ 46.Rxf4 g5+
0-1